000 00374nam a2200133Ia 4500
008 231221s9999 xx 000 0 und d
020 _a978-3-642-27275-2
041 _aEnglish
100 _aDaoliang Li, Yingyi Chen
245 0 _aComputer and Computing Technologies in Agriculture V
260 _c2012
_bSpringer US
_aNew York
650 _aComputer Science
942 _cEB
999 _c220170
_d220170